| 000 | 00631nam a2200193Ia 4500 | ||
|---|---|---|---|
| 008 | 131103s9999 xx 000 0 und d | ||
| 040 | _aLoreto College | ||
| 041 | _aEnglish | ||
| 082 |
_a378.54/ALT/378.54/TUR _bLCLIB/16699 |
||
| 245 |
_aTurmoil and transition _b higher education and student politics in India _cedited by Philip G.Altbach |
||
| 260 |
_aBombay _bLalvani Publishing _c1968 |
||
| 300 |
_aix,278 p. _c 22 cm. |
||
| 504 | _aIncludes bibliographical references and index | ||
| 650 | _aHigher Education | ||
| 651 | _aIndia - Higher Education | ||
| 700 | _aAltbach,Philip G.,ed. | ||
| 850 | _aLCLIB | ||
| 942 | _cBK | ||
| 999 |
_c10847 _d61326 |
||